Responses for show #2411 - Monday, February 13, 1995

1995 Teen Tournament semifinal game 1.

Contestants

Halla Yang, a junior from Knoxville, Tennessee

Chuck Truesdell, a senior from Tollesboro, Kentucky

Susannah Batko-Yovino, a junior from Altoona, Pennsylvania

Jeopardy! Round responses

BOOKS & AUTHORS
HEARTTHROBS
MARSUPIALS
WORD ORIGINS
THE CLASS TRIP TO WASHINGTON
ODDS & ENDS
    $100 9
Jurassic Park

Chuck
    $100 8
Joey Lawrence

Chuck
    $100 1
the koala

Susannah
    $100 6
(Alex: He's not a marsupial; he's [*].)
[Laughter]

Dr. Seuss

Triple Stumper
    $100 14
the FBI

Chuck
    $100 26
Ben Franklin

Chuck
    $200 10
Anne Rice

Chuck
    $200 20
Heather Locklear

Chuck
    $200 2
the kangaroo

Susannah
    $200 7
(Chuck: What's the oak?)

hickory

Chuck
Triple Stumper
    $200 15
the Tomb of the Unknown Soldier

Susannah
    $200 27
Green Giant

Chuck
    $300 11
Les Miserables

Susannah
    $300 21
Family Matters

Chuck
    $500 3
the opossum

Susannah
    $300 16
scissors

Halla
    $300 19
the Spirit of St. Louis

Susannah
    $300 28
Aesop

Susannah
    $400 12
Somerset Maugham

Susannah
    $400 22
Jason Priestley

Chuck
    $400 4
the Tasmanian devil

Susannah
    $400 17
the mile

Chuck
    $400 24
(Chuck: What's the White House?)
(Susannah: What is the House of Representatives?)

the Capitol Building

SusannahChuck
Triple Stumper
    $400 29
the piccolo

Chuck
    $500 13
Sir Walter Scott

Chuck
    $500 23
Dr. Quinn, Medicine Woman

Chuck
    $500 5
(Alex: Yes, and well done in the category.)
[Applause with a few isolated cheers]
(Alex: Your love affair with marsupials has done you well today.)

New Guinea

Susannah
    $500 18
nutrition

Chuck
    $500 25
Frederick Douglass

Susannah
    $500 30
Lake Michigan

Chuck

Scores at the first commercial break (after clue 15):

Susannah Chuck Halla
$2,600 $800 $0

Scores at the end of the Jeopardy! Round:

Susannah Chuck Halla
$3,300 $3,900 $300

Double Jeopardy! Round responses

AMERICAN HISTORY
JOURNALISM
AROUND THE WORLD
HEALTH & MEDICINE
ARTISTS
COMPUTERS
    $200 2
(Halla: What is Sutter's Creek?)

Sutter's Mill

ChuckHalla
    $200 26
the New York Times

Chuck
    $200 21
Spanish

Chuck
    $200 16
a pacemaker

Susannah
    $200 8
Leonardo da Vinci

Halla
    $200 1
(Susannah: What is the II?)

Macintosh

SusannahChuck
    $400 3
the Bill of Rights

Halla
    $1,100 28
a column

Susannah
    $400 22
the Sahara

Susannah
    $400 17
antibiotics

Susannah
    $400 12
Picasso

Susannah
    $400 7
(Chuck: What is a pictel?)

a pixel

SusannahChuck
    $600 4
(Susannah: What is steel?)
(Chuck: What is gold?)

silver

SusannahChuck
Triple Stumper
    $600 27
the editorial page

Susannah
    $600 23
Tahiti

Susannah
    $600 18
Henry Heimlich

Susannah
    $600 13
Vincent van Gogh

Chuck
    $600 9
an icon

Chuck
    $500 5
Georgia

Halla
    $800 29
(Susannah: What is the conclusion?)

the lede

Susannah
Triple Stumper
    $800 24
Mexico

Susannah
    $800 19
hemophilia

Halla
    $800 14
Grant Wood

Chuck
    $800 10
a mouse

Halla
    $1000 6
the Manhattan Project

Halla
    $1000 30
the White House press corps

Triple Stumper
    $1000 25
Catholic

Susannah
    $1000 20
Lyme disease

Chuck
    $1000 15
Rembrandt

Susannah
    $1000 11
(Halla: What is [*] per second?)

baud

Halla

Scores at the end of the Double Jeopardy! Round:

Susannah Chuck Halla
$9,200 $6,700 $4,800

[wagering suggestions for these scores]

Final Jeopardy! Round responses

ORGANIZATIONS
(Alex: The phrase means "The love of wisdom is the guide of life" and I'm sure the organization is one to which all three of you will aspire to in just a few years.)
HallaWhat is Phi Beta Kappa?
$3,000
ChuckWhat are the Cub Scouts?
$6,700
SusannahWhat is Phi Beta Kappa?
$4,500
Phi Beta Kappa

Final scores:

Susannah Chuck Halla
$13,700 $0 $7,800
Finalist 3rd place: $5,000 2nd place: $5,000

Game dynamics:

Coryat scores:

Susannah Chuck Halla
$8,300 $6,700 $5,100
23 R
(including 2 DDs),
4 W
23 R,
4 W
8 R
(including 1 DD),
1 W

Combined Coryat: $20,100

The J! Archive is created by fans, for fans. The Jeopardy! game show and all elements thereof, including but not limited to copyright and trademark thereto, are the property of Jeopardy Productions, Inc. and are protected under law. This website is not affiliated with, sponsored by, or operated by Jeopardy Productions, Inc. Join the discussion at JBoard.tv.